Vietnam tourist guidebook

保存先:
書誌詳細
フォーマット: 図書
言語:Undetermined
出版事項: Hà Nội VNAT 1995
主題:
タグ: タグ追加
タグなし, このレコードへの初めてのタグを付けませんか!
Thư viện lưu trữ: Trung tâm Học liệu Trường Đại học Cần Thơ
LEADER 00403nam a2200145Ia 4500
001 CTU_4457
008 210402s9999 xx 000 0 und d
082 |a 915.97 
082 |b V666 
245 0 |a Vietnam tourist guidebook 
260 |a Hà Nội 
260 |b VNAT 
260 |c 1995 
650 |a tourist trade,vietnam - description and travel 
980 |a Trung tâm Học liệu Trường Đại học Cần Thơ